A Subdivisions - Easy - Statistics

General Stats
  • This quiz has been taken 65 times
    18 since last reset
  • The average score is 97 of 265
Answer Stats
Hint Subdivision Type Answer % Correct
United Arab Emirates Emirate Abu Dhabi
92%
United States State Alabama
92%
United States State Alaska
92%
Algeria Province Algiers
92%
Russia Oblast Amur
92%
United States State Arizona
92%
Turkmenistan Region Ahal
85%
Kazakhstan City Almaty
85%
Kazakhstan Region Almaty
85%
Jordan Governorate Amman
85%
United States State Arkansas
85%
Italy Region Abruzzo
77%
Mexico State Aguascalientes
77%
Japan Prefecture Akita
77%
Egypt Governorate Alexandria
77%
United States Territory American Samoa
77%
Kazakhstan City Astana
77%
Indonesia Province Aceh
69%
Ethiopia City Addis Ababa
69%
Yemen Governorate Aden
69%
Syria Governorate Aleppo
69%
Brazil State Amazonas
69%
Colombia Department Amazonas
69%
Peru Department Amazonas
69%
Venezuela State Amazonas
69%
Spain Autonomous Community Andalusia
69%
Andorra Parish Andorra la Vella
69%
China Province Anhui
69%
Türkiye Province Ankara
69%
Italy Region Apulia
69%
Jordan Governorate Aqaba
69%
Spain Autonomous Community Aragon
69%
Turkmenistan City-Region Ashgabat
69%
Georgia Autonomous Republic Abkhazia
62%
Brazil State Acre
62%
Türkiye Province Adana
62%
Georgia Autonomous Republic Adjara
62%
Canada Province Alberta
62%
Russia Krai Altai
62%
Russia Republic Altai
62%
Brazil State Amapá
62%
India State Andhra Pradesh
62%
United Kingdom Overseas Territory Anguilla
62%
Chile Region Antofagasta
62%
Russia Oblast Arkhangelsk
62%
Netherlands Constituent Country Aruba
62%
Russia Oblast Astrakhan
62%
Spain Autonomous Community Asturias
62%
Egypt Governorate Aswan
62%
Chile Region Atacama
62%
Australia Internal Territory Australian Capital Territory
62%
Portugal Autonomous Region Azores
62%
Côte d'Ivoire Autonomous District Abidjan
54%
Maldives Atoll Addu (Seenu)
54%
Japan Prefecture Aichi
54%
Costa Rica Province Alajuela
54%
Ethiopia Region Amhara
54%
Türkiye Province Antalya
54%
Japan Prefecture Aomori
54%
Italy Autonomous Region Aosta Valley
54%
India State Arunachal Pradesh
54%
India State Assam
54%
Greece Decentralized Administration Attica
54%
Kazakhstan Region Atyrau
54%
Nigeria State Abia
46%
Bahamas District Acklins
46%
Ethiopia Region Afar
46%
Niger Region Agadez
46%
Nauru District Aiwo
46%
United Arab Emirates Emirate Ajman
46%
Kazakhstan Region Aktobe
46%
Brazil State Alagoas
46%
Iraq Governorate Al-Anbar
46%
Paraguay Department Alto Paraguay
46%
India Union Territory Andaman and Nicobar Islands
46%
Comoros Autonomous Island Anjouan
46%
Algeria Province Annaba
46%
Armenia Province Armavir
46%
Egypt Governorate Asyut
46%
Honduras Department Atlántida
46%
Chile Region Aysén
46%
Dominican Republic Province Azua
46%
Ecuador Province Azuay
46%
Samoa District A'ana
38%
Switzerland Canton Aargau
38%
Yemen Governorate Abyan
38%
San Marino Castelli Acquaviva
38%
Algeria Province Adrar
38%
Mauritania Region Adrar
38%
Russia Republic Adygea
38%
Greece Decentralized Administration Aegean
38%
Türkiye Province Ağrı
38%
Kuwait Governorate Ahmadi
38%
El Salvador Department Ahuachapán
38%
Algeria Province Aïn Témouchent
38%
Lebanon Governorate Akkar
38%
Kazakhstan Region Akmola
38%
United Kingdom Overseas Territory Akrotiri and Dhekelia
38%
Finland Autonomous Region Åland
38%
Romania County Alba
38%
Iran Province Alborz
38%
Lithuania County Alytus
38%
Equatorial Guinea Province Annobón
38%
Switzerland Canton Appenzell Ausserrhoden
38%
Switzerland Canton Appenzell Innerrhoden
38%
Armenia Province Ararat
38%
Djibouti Region Arta
38%
Türkiye Province Artvin
38%
Saudi Arabia Region Aseer
38%
Peru Department Ayacucho
38%
Türkiye Province Aydın
38%
Pakistan Administrative Territory Azad Jammu and Kashmir
38%
Kazakhstan Region Abai
31%
Uganda District Abim
31%
Azerbaijan District Absheron
31%
Cameroon Region Adamawa
31%
Nigeria State Adamawa
31%
Latvia Municipality Ādaži
31%
Norway County Agder
31%
Azerbaijan District Aghdam
31%
Azerbaijan District Aghjabadi
31%
Azerbaijan District Aghstafa
31%
Algeria Province Aïn Defla
31%
Palau State Airai
31%
Latvia Municipality Aizkraukle
31%
Jordan Governorate Ajloun
31%
Norway County Akershus
31%
Iceland Municipality Akranes
31%
Türkiye Province Aksaray
31%
Iceland Municipality Akureyri
31%
Qatar Municipality Al Rayyan
31%
Latvia Municipality Alūksne
31%
Qatar Municipality Al Wakrah
31%
Türkiye Province Amasya
31%
Nauru District Anabar
31%
Peru Department Áncash
31%
Nauru District Anibare
31%
St. Lucia District Anse La Raye
31%
Colombia Department Antioquia
31%
Venezuela State Anzoátegui
31%
Venezuela State Apure
31%
Romania County Arad
31%
Armenia Province Aragatsotn
31%
Venezuela State Aragua
31%
Iran Province Ardabil
31%
Türkiye Province Ardahan
31%
Peru Department Arequipa
31%
Romania County Argeș
31%
Trinidad and Tobago Borough Arima
31%
Mongolia Province Arkhangai
31%
Marshall Islands Municipality Arno
31%
Cuba Province Artemisa
31%
Haiti Department Artibonite
31%
Uruguay Department Artigas
31%
Ghana Region Ashanti
31%
Colombia Department Atlántico
31%
France Region Auvergne-Rhône-Alpes
31%
Portugal District Aveiro
31%
Türkiye Province Adıyaman
23%
Mauritius Outer Island Agaléga
23%
Azerbaijan District Agdash
23%
Azerbaijan District Aghdara
23%
Azerbaijan District Agsu
23%
Timor-Leste Municipality Aileu
23%
Marshall Islands Municipality Ailinglaplap
23%
Marshall Islands Municipality Ailuk
23%
Palau State Aimeliik
23%
Timor-Leste Municipality Ainaro
23%
Slovenia Municipality Ajdovščina
23%
Nigeria State Akwa Ibom
23%
Yemen Governorate Al Bayda
23%
Qatar Municipality Al Daayen
23%
Syria Governorate Al-Hasakah
23%
Benin Department Alibori
23%
Djibouti Region Ali Sabieh
23%
Saudi Arabia Region Al-Jawf
23%
Yemen Governorate Al Jawf
23%
Qatar Municipality Al Khor
23%
Guatemala Department Alta Verapaz
23%
Paraguay Department Alto Paraná
23%
Paraguay Department Amambay
23%
Thailand Province Amnat Charoen
23%
Madagascar Region Analamanga
23%
Montenegro Municipality Andrijevica
23%
Nauru District Anetan
23%
Palau State Angaur
23%
Vietnam Province An Giang
23%
Thailand Province Ang Thong
23%
Seychelles District Anse Royale
23%
Uganda District Apac
23%
Peru Department Apurímac
23%
Colombia Department Arauca
23%
Chile Region Araucanía
23%
Tunisia Province Ariana
23%
Uganda District Arua
23%
Tanzania Region Arusha
23%
Kuwait Governorate Asimah
23%
Azerbaijan District Astara
23%
Benin Department Atakora
23%
Laos Province Attapeu
23%
Samoa District Atua
23%
Latvia Municipality Augšdaugava
23%
Marshall Islands Municipality Aur
23%
Myanmar Region Ayeyarwady
23%
South Sudan Area Abyei
15%
Oman Governorate Ad Dakhiliyah
15%
Oman Governorate Ad Dhahirah
15%
North Macedonia Municipality Aerodrom
15%
Türkiye Province Afyonkarahisar
15%
Uganda District Agago
15%
São Tomé and Príncipe District Água Grande
15%
Ghana Region Ahafo
15%
Samoa District Aiga-i-le-Tai
15%
Algeria Province Ain Guezzam
15%
Madagascar Region Alaotra-Mangoro
15%
Oman Governorate Al Batinah North
15%
Oman Governorate Al Batinah South
15%
Uganda District Alebtong
15%
Yemen Governorate Al Mahrah
15%
Sudan State Al Qadarif
15%
Iraq Governorate Al-Qadisiyyah
15%
Qatar Municipality Al Shamal
15%
Libya District Al Wahat
15%
Oman Governorate Al Wusta
15%
Uganda District Amolatar
15%
Madagascar Region Amoron'i Mania
15%
Uganda District Amudat
15%
Uganda District Amuria
15%
Uganda District Amuru
15%
Madagascar Region Analanjirofo
15%
Nigeria State Anambra
15%
Uzbekistan Region Andijan
15%
Madagascar Region Androy
15%
Moldova District Anenii Noi
15%
Slovenia Municipality Ankaran
15%
Madagascar Region Anosy
15%
Seychelles District Anse aux Pins
15%
Eritrea Region Anseba
15%
Seychelles District Anse Boileau
15%
Seychelles District Anse Etoile
15%
Slovenia Municipality Apače
15%
North Macedonia Municipality Aračinovo
15%
Iceland Municipality Árborg
15%
Iceland Municipality Ásahreppur
15%
Oman Governorate Ash Sharqiyah North
15%
Oman Governorate Ash Sharqiyah South
15%
Mauritania Region Assaba
15%
Timor-Leste Municipality Atauro
15%
Benin Department Atlantique
15%
Madagascar Region Atsimo-Andrefana
15%
Madagascar Region Atsimo-Atsinanana
15%
Madagascar Region Atsinanana
15%
Seychelles District Au Cap
15%
Uganda District Adjumani
8%
Algeria Province Ain Salah
8%
Libya District Al Butnan
8%
Yemen Governorate Al Hudaydah
8%
Yemen Governorate Al Mahwit
8%
Qatar Municipality Al-Shahaniyah
8%
Yemen Governorate Amanat Al Asimah
8%
Chile Region Arica and Parinacota
8%
Iceland Municipality Árneshreppur
8%
Saudi Arabia Region Al-Baha
0%
Oman Governorate Al Buraimi
0%
Madagascar Region Ambatosoa
0%
No matching quizzes found
Score Distribution
Percent of People with Each Score
Percentile by Number Answered
Your Score History
You have not taken this quiz since the last reset